[Event "Dutch Open 2010"]
[Site "Dieren NED"]
[Date "2010.07.31"]
[Round "5.21"]
[White "Kampman, Tijmen"]
[Black "Huhndorf, Arnold"]
[Result "0-1"]
[WhiteElo "2058"]
[BlackElo "2311"]
[PlyCount "52"]
[EventDate "2010.07.27"]
[EventType "swiss"]
[EventRounds "9"]
[EventCountry "NED"]
[Source "lmi"]
[SourceDate "2010.07.27"]

1. e4 e6 2. d3 d5 3. Nd2 Nf6 4. Ngf3 b6 5. g3 dxe4 6. dxe4 Bc5 7. Bg2 Ba6 8. c4
Qd3 9. Bf1 Qd7 10. Be2 Bb7 11. Qc2 Nc6 12. O-O e5 13. a3 O-O-O 14. b4 Nd4 15.
Qd1 Nxe2+ 16. Qxe2 Bd4 17. Ra2 h5 18. Ng5 h4 19. Ndf3 hxg3 20. hxg3 Nxe4 21.
Nxe4 Qh3 22. Nh4 f5 23. Be3 Bxe4 24. f3 Qxg3+ 25. Ng2 Rh2 26. Bxd4 Rdh8 0-1

[Event "Dutch Open 2010"]
[Site "Dieren NED"]
[Date "2010.07.31"]
[Round "5.22"]
[White "Merza, Morris"]
[Black "Klein, David"]
[Result "1/2-1/2"]
[WhiteElo "2063"]
[BlackElo "2297"]
[PlyCount "78"]
[EventDate "2010.07.27"]
[EventType "swiss"]
[EventRounds "9"]
[EventCountry "NED"]
[Source "lmi"]
[SourceDate "2010.07.27"]

1. e4 c5 2. c3 e6 3. Nf3 d5 4. exd5 exd5 5. d4 Nf6 6. Be3 c4 7. b3 cxb3 8. axb3
Be7 9. h3 Bf5 10. Bb5+ Nbd7 11. Nbd2 a6 12. Be2 O-O 13. O-O Re8 14. c4 Bb4 15.
Ra4 a5 16. c5 Ne4 17. Nxe4 dxe4 18. Nd2 Nf6 19. Nc4 Bd7 20. Ra1 Nd5 21. Nd6 Nc3
22. Qc2 Nxe2+ 23. Qxe2 Re6 24. Nxb7 Qe8 25. Qh5 Rg6 26. d5 f5 27. Kh1 Qe5 28.
Rfd1 Rf8 29. Nxa5 Be8 30. Nc4 Qb8 31. Bd4 Rg4 32. hxg4 Bxh5 33. gxh5 Qe8 34. d6
f4 35. Rf1 Qxh5+ 36. Kg1 f3 37. Ra7 Rf7 38. Ra8+ Rf8 39. Ra7 Rf7 1/2-1/2

[Event "Dutch Open 2010"]
[Site "Dieren NED"]
[Date "2010.07.31"]
[Round "5.23"]
[White "Rijnaarts, Sjef"]
[Black "Vogel, Jaap"]
[Result "1-0"]
[WhiteElo "2264"]
[BlackElo "2184"]
[PlyCount "97"]
[EventDate "2010.07.27"]
[EventType "swiss"]
[EventRounds "9"]
[EventCountry "NED"]
[Source "lmi"]
[SourceDate "2010.07.27"]

1. e4 e6 2. d4 d5 3. Nc3 Bb4 4. e5 b6 5. a3 Bf8 6. Nf3 Ne7 7. h4 Qd7 8. h5 h6
9. Bb5 c6 10. Ba4 Ba6 11. Ne2 Bb5 12. Bb3 Bc4 13. Bxc4 dxc4 14. Nc3 Nd5 15. Ne4
Na6 16. b3 b5 17. bxc4 bxc4 18. Qe2 Nb6 19. a4 Qd5 20. O-O Nb4 21. a5 Nc8 22.
Nc3 Qd7 23. Ra4 Rb8 24. Ba3 Nd5 25. Qxc4 Bxa3 26. Rxa3 O-O 27. Ne2 Nce7 28. Qd3
Rb2 29. c4 Nb4 30. Qc3 Rxe2 31. Qxb4 Nf5 32. Rd1 Re4 33. Rad3 Rd8 34. Qb3 Ne7
35. Qb1 Rg4 36. Rb3 Qe8 37. Rb7 c5 38. dxc5 Nc6 39. Rxd8 Qxd8 40. Qb5 Qc8 41.
a6 Rf4 42. Kh2 Rf5 43. Kg1 Rxh5 44. Qb1 Qd8 45. g4 Rh3 46. Kg2 Rxf3 47. Kxf3 g6
48. Qe4 Qd1+ 49. Kg2 1-0

[Event "Dutch Open 2010"]
[Site "Dieren NED"]
[Date "2010.07.31"]
[Round "5.24"]
[White "Kahleys, Kevin"]
[Black "Van Leent, Dimitri"]
[Result "1-0"]
[WhiteElo "2071"]
[BlackElo "2209"]
[PlyCount "73"]
[EventDate "2010.07.27"]
[EventType "swiss"]
[EventRounds "9"]
[EventCountry "NED"]
[Source "lmi"]
[SourceDate "2010.07.27"]

1. Nf3 f5 2. d4 Nf6 3. g3 e6 4. Bg2 d5 5. Bf4 Be7 6. O-O O-O 7. Nbd2 b6 8. c4
Bb7 9. Ng5 Bc8 10. Qb3 Ne4 11. cxd5 Bxg5 12. Nxe4 fxe4 13. dxe6 Kh8 14. Bxe4 c6
15. Bxg5 Qxg5 16. f4 Qf6 17. Rfd1 Bxe6 18. Qf3 Qf7 19. Bc2 g6 20. e4 Kg8 21.
Rac1 a5 22. Qe3 Nd7 23. Bd3 Nb8 24. a3 Re8 25. Qf2 b5 26. Rc5 Qb7 27. Rdc1 Ra7
28. d5 Bd7 29. Qd4 Ra6 30. a4 cxd5 31. axb5 Rae6 32. Rxd5 R6e7 33. Rcc5 Be6 34.
Rd6 Nd7 35. Rcc6 Bf7 36. Bc4 Nb8 37. Rxg6+ 1-0

[Event "Dutch Open 2010"]
[Site "Dieren NED"]
[Date "2010.07.31"]
[Round "5.25"]
[White "Both, Erik"]
[Black "Dirksen, Marieke"]
[Result "1/2-1/2"]
[WhiteElo "2195"]
[BlackElo "2003"]
[PlyCount "90"]
[EventDate "2010.07.27"]
[EventType "swiss"]
[EventRounds "9"]
[EventCountry "NED"]
[Source "lmi"]
[SourceDate "2010.07.27"]

1. e4 c5 2. Nf3 d6 3. d4 cxd4 4. Qxd4 a6 5. Be3 Nf6 6. Nc3 Ng4 7. Bg5 Nc6 8.
Qd2 h6 9. Bh4 g5 10. Bg3 Bg7 11. h3 Nge5 12. Nxe5 Bxe5 13. Bxe5 Nxe5 14. O-O-O
Be6 15. Nd5 Bxd5 16. Qxd5 Qc7 17. Rd2 Rc8 18. Be2 Qc6 19. Qd4 Qc5 20. Qa4+ Qc6
21. Qb4 Rc7 22. f3 Qc5 23. Qb3 e6 24. Rhd1 Rd7 25. g3 Nc6 26. f4 gxf4 27. gxf4
Rg8 28. Bg4 Na5 29. Qa4 Nc4 30. Rd4 b5 31. Qb3 h5 32. Be2 Na5 33. Qd3 Nb7 34.
b4 Qb6 35. Bxh5 a5 36. Qb3 Kf8 37. f5 e5 38. Rd5 Rg1 39. bxa5 Nxa5 40. Qxb5
Qe3+ 41. R5d2 Nc4 42. Qxc4 Qa3+ 43. Kb1 Rb7+ 44. Qb3 Rxb3+ 45. axb3 Rxd1+
1/2-1/2

[Event "Dutch Open 2010"]
[Site "Dieren NED"]
[Date "2010.08.02"]
[Round "6.1"]
[White "Fargere, Francois"]
[Black "Ernst, Sipke"]
[Result "1/2-1/2"]
[WhiteElo "2478"]
[BlackElo "2583"]
[PlyCount "105"]
[EventDate "2010.07.27"]
[EventType "swiss"]
[EventRounds "9"]
[EventCountry "NED"]
[Source "lmi"]
[SourceDate "2010.07.27"]

1. e4 e5 2. Nf3 Nc6 3. Bb5 a6 4. Ba4 Nf6 5. O-O Be7 6. Re1 b5 7. Bb3 d6 8. c3
O-O 9. h3 a5 10. d4 a4 11. Bc2 Bd7 12. Na3 Rb8 13. Bd3 exd4 14. cxd4 Nb4 15. d5
Nxd3 16. Qxd3 b4 17. Nc4 Qc8 18. Bd2 Qa6 19. Nd4 Rfe8 20. Nc2 Bb5 21. b3 Nd7
22. Nxb4 Qa7 23. Bc3 Ne5 24. Qd2 Bf8 25. Bd4 Qa8 26. Qc3 Ng6 27. f3 Bd7 28. Nd3
f5 29. Na5 fxe4 30. fxe4 Re7 31. Nc6 Bxc6 32. dxc6 Rbe8 33. Qc4+ Kh8 34. Qd5
Qa6 35. Rf1 Qc8 36. Rae1 axb3 37. axb3 Qe6 38. Nb4 Kg8 39. Qa5 Qxb3 40. Qd5+
Qxd5 41. Nxd5 Rxe4 42. Rd1 Rc8 43. Rfe1 Rxe1+ 44. Rxe1 Kf7 45. Re3 Ne7 46. Nxe7
Bxe7 47. Bxg7 Rb8 48. Bc3 Rb6 49. Rf3+ Ke8 50. Bf6 Bxf6 51. Rxf6 Rxc6 52. Rh6
Kf7 53. Rxh7+ 1/2-1/2

[Event "Dutch Open 2010"]
[Site "Dieren NED"]
[Date "2010.08.02"]
[Round "6.2"]
[White "Van Delft, Merijn"]
[Black "L'Ami, Erwin"]
[Result "1/2-1/2"]
[WhiteElo "2364"]
[BlackElo "2620"]
[PlyCount "65"]
[EventDate "2010.07.27"]
[EventType "swiss"]
[EventRounds "9"]
[EventCountry "NED"]
[Source "lmi"]
[SourceDate "2010.07.27"]

1. e4 e6 2. d4 d5 3. Nc3 Nf6 4. e5 Nfd7 5. f4 c5 6. Nf3 Nc6 7. Be3 a6 8. Qd2 b5
9. h4 Qb6 10. h5 h6 11. g4 Bb7 12. Ne2 f6 13. O-O-O O-O-O 14. exf6 gxf6 15. Nh4
cxd4 16. Nxd4 Bc5 17. Rh3 Nxd4 18. Bxd4 Bxd4 19. Qxd4 Qxd4 20. Rxd4 Kc7 21. a4
Bc6 22. axb5 axb5 23. Ra3 Kd6 24. Rb4 Nc5 25. Be2 Ra8 26. Rxa8 Rxa8 27. Kb1 Ne4
28. Rd4 Kc5 29. c3 Ra4 30. Rxa4 bxa4 31. Nf3 Be8 32. Nd4 Kd6 33. Ka2 1/2-1/2

[Event "Dutch Open 2010"]
[Site "Dieren NED"]
[Date "2010.08.02"]
[Round "6.3"]
[White "Heemskerk, Wim"]
[Black "Moradiabadi, Elshan"]
[Result "0-1"]
[WhiteElo "2249"]
[BlackElo "2571"]
[PlyCount "86"]
[EventDate "2010.07.27"]
[EventType "swiss"]
[EventRounds "9"]
[EventCountry "NED"]
[Source "lmi"]
[SourceDate "2010.07.27"]

1. Nf3 g6 2. c4 Bg7 3. g3 Nf6 4. Bg2 O-O 5. Nc3 d6 6. O-O Nc6 7. d3 e5 8. Rb1
Be6 9. b4 a6 10. a4 h6 11. b5 axb5 12. axb5 Ne7 13. Bb2 Qd7 14. Re1 Bh3 15. Bh1
Nh5 16. Ra1 Rab8 17. Qb3 Be6 18. Ra7 Nc8 19. Ra2 Ne7 20. Ra7 f5 21. Nd5 Nc8 22.
Ra2 g5 23. Nd2 Qf7 24. Bg2 f4 25. Rf1 g4 26. b6 c6 27. Nc7 Bf5 28. Ba3 Nf6 29.
Bb4 Nd7 30. Ba5 Nc5 31. Qd1 f3 32. exf3 gxf3 33. Bxf3 Bxd3 34. Be2 Bf5 35. Bg4
Bd3 36. Nb3 Bxf1 37. Qxf1 Qg6 38. Nxc5 Qxg4 39. h3 Qf5 40. N5e6 Rf7 41. Nxg7
Rxg7 42. Rd2 Rg6 43. Kg2 e4 0-1

[Event "Dutch Open 2010"]
[Site "Dieren NED"]
[Date "2010.08.02"]
[Round "6.4"]
[White "De Jong, Migchiel"]
[Black "Pruijssers, Roeland"]
[Result "0-1"]
[WhiteElo "2358"]
[BlackElo "2462"]
[PlyCount "94"]
[EventDate "2010.07.27"]
[EventType "swiss"]
[EventRounds "9"]
[EventCountry "NED"]
[Source "lmi"]
[SourceDate "2010.07.27"]

1. d4 Nf6 2. c4 g6 3. Nc3 Bg7 4. e4 d6 5. Nf3 O-O 6. Be2 e5 7. O-O Nbd7 8. Qc2
Re8 9. d5 a5 10. Be3 Bf8 11. a3 Nh5 12. g3 Ng7 13. Nh4 Be7 14. Ng2 f5 15. f3 h5
16. b4 Rf8 17. Na4 Bg5 18. Bf2 Nf6 19. c5 fxe4 20. fxe4 axb4 21. axb4 Ng4 22.
Bxg4 Bxg4 23. b5 Rf7 24. b6 dxc5 25. Bxc5 Rxf1+ 26. Rxf1 Qd7 27. bxc7 Qxc7 28.
Nb6 Ra5 29. Na4 b6 30. h4 Rxa4 31. Qxa4 Qxc5+ 32. Kh2 Be7 33. Qa7 b5 34. Qb8+
Kh7 35. Qxe5 Bd6 36. Qf6 Qc7 37. Nf4 Qc2+ 38. Ng2 Qc7 39. Nf4 Qc2+ 40. Ng2 Qd3
41. Rf4 Bxf4 42. Qxg6+ Kg8 43. gxf4 Bf3 44. f5 Bxe4 45. d6 Bxf5 46. Qf6 b4 47.
Nf4 Qd2+ 0-1

[Event "Dutch Open 2010"]
[Site "Dieren NED"]
[Date "2010.08.02"]
[Round "6.5"]
[White "Michalczak, Thomas"]
[Black "Iotov, Valentin"]
[Result "0-1"]
[WhiteElo "2367"]
[BlackElo "2581"]
[PlyCount "74"]
[EventDate "2010.07.27"]
[EventType "swiss"]
[EventRounds "9"]
[EventCountry "NED"]
[Source "lmi"]
[SourceDate "2010.07.27"]

1. e4 c6 2. d4 d5 3. exd5 cxd5 4. c4 Nf6 5. Nc3 Be6 6. Nge2 dxc4 7. Nf4 Bg4 8.
f3 Bd7 9. d5 Qc7 10. Qd4 g6 11. Bxc4 Bg7 12. Nd3 O-O 13. Bf4 Qc8 14. Be5 Bf5
15. g4 Bxd3 16. Qxd3 Nbd7 17. Bd4 Nb6 18. Bb3 Rd8 19. Bxb6 axb6 20. Qe3 b5 21.
Rd1 b4 22. Ne4 Nxe4 23. Qxe4 Bxb2 24. Ke2 Qc5 25. h4 Ra6 26. h5 Rf6 27. hxg6
hxg6 28. Rh6 Qd6 29. Qe3 Rc8 30. Rh3 Rf4 31. Kf2 Qf6 32. Kg2 Bd4 33. Qe2 Rc3
34. Rd3 Rxd3 35. Qxd3 Rxg4+ 36. Kf1 Rg1+ 37. Ke2 Qf4 0-1

[Event "Dutch Open 2010"]
[Site "Dieren NED"]
[Date "2010.08.02"]
[Round "6.6"]
[White "Ikonnikov, Vyacheslav"]
[Black "Zelbel, Patrick"]
[Result "1-0"]
[WhiteElo "2578"]
[BlackElo "2345"]
[PlyCount "81"]
[EventDate "2010.07.27"]
[EventType "swiss"]
[EventRounds "9"]
[EventCountry "NED"]
[Source "lmi"]
[SourceDate "2010.07.27"]

1. d4 Nf6 2. Nf3 g6 3. c4 Bg7 4. Nc3 O-O 5. e4 d6 6. Be2 e5 7. O-O Nc6 8. d5
Ne7 9. Ne1 Nd7 10. Be3 f5 11. f3 f4 12. Bf2 g5 13. Rc1 Ng6 14. c5 a6 15. Na4
Rf7 16. Nd3 Bf8 17. Qb3 Nf6 18. cxd6 Bxd6 19. Nac5 g4 20. fxg4 Bxg4 21. Bxg4
Nxg4 22. Qxb7 Nf8 23. h3 Rb8 24. Qxa6 Nxf2 25. Rxf2 Rg7 26. Ne1 Qh4 27. Kf1 Rb4
28. Qe2 Rg3 29. Nf3 Qe7 30. Nd3 Rb6 31. Kg1 Nd7 32. b4 Qg7 33. Nh4 Re3 34. Qd1
Rxe4 35. Nc5 Rd4 36. Qc2 Bxc5 37. bxc5 Rf6 38. Nf5 Rxf5 39. Qxf5 Rxd5 40. Rxf4
Rd2 41. Rg4 1-0

[Event "Dutch Open 2010"]
[Site "Dieren NED"]
[Date "2010.08.02"]
[Round "6.7"]
[White "Milov, Leonid"]
[Black "Diepeveen, Vincent"]
[Result "1-0"]
[WhiteElo "2562"]
[BlackElo "2294"]
[PlyCount "50"]
[EventDate "2010.07.27"]
[EventType "swiss"]
[EventRounds "9"]
[EventCountry "NED"]
[Source "lmi"]
[SourceDate "2010.07.27"]

1. e4 e5 2. Nf3 Nf6 3. d4 Nxe4 4. Bd3 d5 5. dxe5 Nc6 6. O-O Bg4 7. Nc3 Nxc3 8.
bxc3 Be7 9. Bf4 g5 10. Bg3 Qd7 11. h3 Bh5 12. Rb1 Na5 13. Qe2 Bc5 14. e6 fxe6
15. Qe5 O-O-O 16. Nxg5 Bf7 17. Qxc7+ Qxc7 18. Bxc7 Kxc7 19. Nxf7 Rdf8 20. Nxh8
Rxh8 21. g3 b6 22. Kg2 e5 23. Rbd1 e4 24. Bb5 Kd6 25. Rd2 Rd8 1-0

[Event "Dutch Open 2010"]
[Site "Dieren NED"]
[Date "2010.08.02"]
[Round "6.8"]
[White "Kollen, Zyon"]
[Black "Mekhitarian, Krikor Sevag"]
[Result "0-1"]
[WhiteElo "2002"]
[BlackElo "2511"]
[PlyCount "94"]
[EventDate "2010.07.27"]
[EventType "swiss"]
[EventRounds "9"]
[EventCountry "NED"]
[Source "lmi"]
[SourceDate "2010.07.27"]

1. e4 c5 2. Nf3 e6 3. d4 cxd4 4. Nxd4 a6 5. Nc3 b5 6. Bd3 Qb6 7. Nb3 Qc7 8. O-O
Bb7 9. Qe2 Nf6 10. f4 Be7 11. Kh1 b4 12. Nd1 Nc6 13. Ne3 d6 14. Bd2 a5 15. c3
O-O 16. Rac1 Qb8 17. Nc2 g6 18. cxb4 axb4 19. f5 Ne5 20. fxe6 Nxd3 21. Qxd3 Ba6
22. Qh3 Bxf1 23. Rxf1 Qb5 24. Kg1 Qc4 25. Ncd4 Nxe4 26. Bh6 Bf6 27. Qe3 fxe6
28. Bxf8 Rxf8 29. Rf4 d5 30. Nxe6 Re8 31. Nbd4 Qc8 32. Rxf6 Nxf6 33. h3 Qb8 34.
Qg5 Kf7 35. Qe3 Qd6 36. Ng5+ Kg8 37. Nge6 Nh5 38. Qc1 Rxe6 39. Qc8+ Kf7 40.
Nxe6 Qxe6 41. Qb7+ Kf6 42. Qxh7 Qe1+ 43. Kh2 Qe5+ 44. Kg1 Kg5 45. Qb7 Nf4 46.
Qxb4 Qe2 47. h4+ Kg4 0-1

[Event "Dutch Open 2010"]
[Site "Dieren NED"]
[Date "2010.08.02"]
[Round "6.9"]
[White "Siebrecht, Sebastian"]
[Black "Neverov, Valeriy"]
[Result "1-0"]
[WhiteElo "2417"]
[BlackElo "2544"]
[PlyCount "71"]
[EventDate "2010.07.27"]
[EventType "swiss"]
[EventRounds "9"]
[EventCountry "NED"]
[Source "lmi"]
[SourceDate "2010.07.27"]

1. Nf3 Nf6 2. c4 b6 3. Nc3 Bb7 4. d4 e6 5. a3 g6 6. g3 Bxf3 7. exf3 Bg7 8. d5
O-O 9. Bg2 exd5 10. cxd5 Na6 11. O-O Ne8 12. Ne4 f5 13. Bg5 Qb8 14. Nc3 Nc5 15.
Rc1 a5 16. Re1 Nd6 17. b4 axb4 18. axb4 Ncb7 19. Bf1 Rf7 20. Qc2 Qf8 21. Nb1
Ne8 22. Qb3 Bh6 23. Bxh6 Qxh6 24. f4 Nbd6 25. Nd2 Ra7 26. Nc4 Rf8 27. Re7 Rf7
28. Rxf7 Kxf7 29. Ne5+ Ke7 30. Re1 Kd8 31. Bb5 Nf6 32. Bxd7 Ra8 33. Bc6 Ra7 34.
Bb5 Ra8 35. Qc3 Kc8 36. Nf7 1-0

[Event "Dutch Open 2010"]
[Site "Dieren NED"]
[Date "2010.08.02"]
[Round "6.10"]
[White "Miedema, David"]
[Black "Brandenburg, Daan"]
[Result "1/2-1/2"]
[WhiteElo "2414"]
[BlackElo "2514"]
[PlyCount "40"]
[EventDate "2010.07.27"]
[EventType "swiss"]
[EventRounds "9"]
[EventCountry "NED"]
[Source "lmi"]
[SourceDate "2010.07.27"]

1. d4 d5 2. c4 e6 3. Nc3 c5 4. cxd5 exd5 5. Nf3 Nc6 6. g3 Nf6 7. Bg2 Be7 8. O-O
O-O 9. Bg5 cxd4 10. Nxd4 h6 11. Be3 Bg4 12. Rc1 Qd7 13. Re1 Rfe8 14. Qb3 Rad8
15. Red1 Na5 16. Qb5 Nc4 17. Rd3 Ne5 18. Rdd1 Nc4 19. Rd3 Ne5 20. Rdd1 Nc4
1/2-1/2

[Event "Dutch Open 2010"]
[Site "Dieren NED"]
[Date "2010.08.02"]
[Round "6.11"]
[White "Huhndorf, Arnold"]
[Black "Zoler, Dan"]
[Result "0-1"]
[WhiteElo "2311"]
[BlackElo "2474"]
[PlyCount "132"]
[EventDate "2010.07.27"]
[EventType "swiss"]
[EventRounds "9"]
[EventCountry "NED"]
[Source "lmi"]
[SourceDate "2010.07.27"]

1. d4 Nf6 2. c4 e6 3. g3 Bb4+ 4. Bd2 Be7 5. Nf3 d5 6. Bg2 O-O 7. O-O c6 8. Qc2
b6 9. Bf4 Ba6 10. cxd5 cxd5 11. Ne5 Nfd7 12. Nc3 Nxe5 13. Bxe5 Nd7 14. Qa4 Bb7
15. Bf4 a6 16. Rfc1 b5 17. Qd1 Rc8 18. a4 b4 19. Na2 Qb6 20. Rxc8 Rxc8 21. Rc1
Rxc1 22. Nxc1 Bf6 23. Nb3 a5 24. Qc2 Bd8 25. Be3 Qc6 26. Nc5 Be7 27. f4 f6 28.
b3 e5 29. fxe5 fxe5 30. Qf5 Nxc5 31. dxc5 Bf6 32. Qd3 e4 33. Qb5 d4 34. Bf4 Be7
35. Qxa5 Bxc5 36. Qd8+ Kf7 37. Kf1 Bb6 38. Qd6 Qxd6 39. Bxd6 Ba5 40. Bc5 Bd5
41. Bxd4 g6 42. Kf2 Ke6 43. Ke3 Bxb3 44. Bxe4 Bxa4 45. h4 Bc7 46. g4 Be5 47. h5
Be8 48. Bc2 gxh5 49. gxh5 h6 50. Bc5 Bd6 51. Kd4 Bxh5 52. Bxd6 Kxd6 53. Kc4 Be8
54. Kxb4 h5 55. Kc3 h4 56. Bf5 Bd7 57. Be4 h3 58. Bh1 Bc6 59. e4 Ke5 60. Kd3
Kf4 61. Ke2 Kg3 62. Ke3 h2 63. Bf3 Bd7 64. e5 Bh3 65. e6 Bxe6 66. Bc6 Bh3 0-1

[Event "Dutch Open 2010"]
[Site "Dieren NED"]
[Date "2010.08.02"]
[Round "6.12"]
[White "Visser, Yge"]
[Black "Rietveld, Renze"]
[Result "0-1"]
[WhiteElo "2469"]
[BlackElo "2238"]
[PlyCount "60"]
[EventDate "2010.07.27"]
[EventType "swiss"]
[EventRounds "9"]
[EventCountry "NED"]
[Source "lmi"]
[SourceDate "2010.07.27"]

1. e4 e5 2. Nf3 Nc6 3. Bc4 Nf6 4. d3 Bc5 5. c3 O-O 6. Qe2 d6 7. Be3 Bb6 8. Nbd2
Ne7 9. Bb3 Ng6 10. h3 Be6 11. g3 Qd7 12. Ng5 Bxb3 13. axb3 d5 14. Ngf3 h6 15.
Bxb6 axb6 16. Rb1 Rfd8 17. h4 dxe4 18. dxe4 Qg4 19. Nh2 Qh3 20. Qf3 Qe6 21.
Nhf1 b5 22. Ne3 Rd3 23. Qe2 Rad8 24. Rd1 R3d7 25. Qxb5 Nf4 26. gxf4 exf4 27.
Nec4 Nxe4 28. Kf1 Nxd2+ 29. Nxd2 Rxd2 30. Rxd2 Rxd2 0-1

[Event "Dutch Open 2010"]
[Site "Dieren NED"]
[Date "2010.08.02"]
[Round "6.13"]
[White "Pedersen, Nicolai Vesterba"]
[Black "Goudriaan, Etienne"]
[Result "1-0"]
[WhiteElo "2461"]
[BlackElo "2223"]
[PlyCount "89"]
[EventDate "2010.07.27"]
[EventType "swiss"]
[EventRounds "9"]
[EventCountry "NED"]
[Source "lmi"]
[SourceDate "2010.07.27"]

1. d4 d5 2. c4 c6 3. Nf3 Nf6 4. e3 e6 5. Nc3 Nbd7 6. Bd3 dxc4 7. Bxc4 b5 8. Bb3
Bb7 9. O-O a6 10. e4 c5 11. e5 cxd4 12. Qxd4 Bc5 13. Qf4 Nh5 14. Qg4 g6 15. Ne4
Be7 16. Rd1 Qc7 17. Nd6+ Bxd6 18. exd6 Nhf6 19. Qxe6+ fxe6 20. dxc7 Nc5 21. Bg5
Nfe4 22. Rd8+ Kf7 23. Rxh8 Rxh8 24. Bd8 Ke8 25. Rc1 Bc8 26. Bc2 Nd6 27. Ne5
Ncb7 28. Rd1 Rf8 29. g3 Nf7 30. Nxf7 Rxf7 31. Be4 Na5 32. b4 Nc4 33. Bc6+ Kf8
34. f4 Ne3 35. Rc1 Nd5 36. a3 Nb6 37. Rc3 e5 38. fxe5 Nc4 39. Bd5 Rf5 40. Be4
Rxe5 41. Rf3+ Kg8 42. Bc6 Nd2 43. Rd3 Re2 44. Bg5 Bg4 45. Rxd2 1-0

[Event "Dutch Open 2010"]
[Site "Dieren NED"]
[Date "2010.08.02"]
[Round "6.14"]
[White "Van Mierlo, Guido"]
[Black "Swinkels, Robin"]
[Result "0-1"]
[WhiteElo "2053"]
[BlackElo "2483"]
[PlyCount "102"]
[EventDate "2010.07.27"]
[EventType "swiss"]
[EventRounds "9"]
[EventCountry "NED"]
[Source "lmi"]
[SourceDate "2010.07.27"]

1. e4 c5 2. c3 Nf6 3. e5 Nd5 4. Nf3 e6 5. d4 cxd4 6. cxd4 d6 7. Bc4 Nc6 8. Qe2
Be7 9. Nc3 Nxc3 10. bxc3 d5 11. Bd3 Na5 12. O-O Bd7 13. Be3 Rc8 14. Rfc1 h6 15.
Nd2 Ba3 16. Rc2 Ba4 17. Bb5+ Bxb5 18. Qxb5+ Rc6 19. Nb3 Nc4 20. Qxb7 Qd7 21.
Qxd7+ Kxd7 22. Bc1 Be7 23. Kf1 Rhc8 24. Ke2 Nb6 25. Kd3 Na4 26. Bd2 Bd8 27. g3
h5 28. Rg1 Be7 29. f4 g6 30. h3 Ba3 31. g4 hxg4 32. hxg4 Rh8 33. Rg3 Rh2 34. f5
Nb2+ 35. Ke3 Nd1+ 36. Kf4 Nf2 37. fxe6+ Kxe6 38. Rf3 Ne4 39. Ke3 Rc4 40. Na5
Nxd2 41. Rf6+ Ke7 42. Kd3 Nb1 43. Nc6+ Ke8 44. Rxh2 Rxc3+ 45. Ke2 Rc2+ 46. Kf3
Rxh2 47. Nxa7 Rxa2 48. Nb5 Nd2+ 49. Ke3 Ne4 50. Nc7+ Kd8 51. Rxf7 Bc1+ 0-1

[Event "Dutch Open 2010"]
[Site "Dieren NED"]
[Date "2010.08.02"]
[Round "6.15"]
[White "Haub, Thorsten Michael"]
[Black "Hachijan, Armen"]
[Result "1-0"]
[WhiteElo "2518"]
[BlackElo "2158"]
[PlyCount "113"]
[EventDate "2010.07.27"]
[EventType "swiss"]
[EventRounds "9"]
[EventCountry "NED"]
[Source "lmi"]
[SourceDate "2010.07.27"]

1. g3 c5 2. Bg2 Nc6 3. d3 g6 4. e4 Bg7 5. Nf3 e5 6. O-O Nge7 7. c3 O-O 8. Nbd2
d6 9. Nh4 Be6 10. f4 exf4 11. gxf4 Qd7 12. Qf3 f5 13. Qg3 d5 14. e5 d4 15. c4
Nb4 16. Nb3 Rac8 17. Bd2 Qa4 18. Bxb7 Rc7 19. Bxb4 Qxb4 20. Bg2 Qb6 21. Nf3 h6
22. Rae1 a5 23. Re2 a4 24. Nc1 g5 25. Qe1 gxf4 26. Nh4 Bf7 27. Bf3 Qe6 28. Ng2
Ng6 29. Bd5 Qe7 30. e6 Be8 31. Nxf4 Nxf4 32. Rxf4 Qg5+ 33. Qg3 Qxg3+ 34. hxg3
Re7 35. Ref2 h5 36. Rxf5 Rxf5 37. Rxf5 Bg6 38. Rf3 Bh6 39. Ne2 Be3+ 40. Kg2
Bxd3 41. Nf4 Bf5 42. Rxe3 dxe3 43. Kf3 a3 44. bxa3 Kf8 45. a4 Ra7 46. Bc6 Bc2
47. a5 Rxa5 48. Nd5 Be4+ 49. Kxe4 e2 50. e7+ Kg7 51. e8=Q e1=Q+ 52. Ne3 Ra7 53.
Bd7 Qe2 54. Qe7+ Kh6 55. Qf8+ Kg6 56. Bf5+ Kg5 57. Qd8+ 1-0

[Event "Dutch Open 2010"]
[Site "Dieren NED"]
[Date "2010.08.02"]
[Round "6.16"]
[White "De Ruiter, Danny"]
[Black "Odendahl, Reiner"]
[Result "1/2-1/2"]
[WhiteElo "2116"]
[BlackElo "2382"]
[PlyCount "41"]
[EventDate "2010.07.27"]
[EventType "swiss"]
[EventRounds "9"]
[EventCountry "NED"]
[Source "lmi"]
[SourceDate "2010.07.27"]

1. d4 Nf6 2. c4 c5 3. d5 a6 4. a4 e5 5. Nc3 d6 6. e4 Be7 7. h3 Nbd7 8. Nf3 Nf8
9. Be3 Ng6 10. Be2 Bd7 11. O-O Qc8 12. Nh2 O-O 13. Rb1 Bd8 14. Ng4 Nxg4 15.
Bxg4 Ba5 16. Bxd7 Qxd7 17. Ne2 b5 18. axb5 axb5 19. b3 Rfb8 20. Qc2 Qd8 21. Ra1
1/2-1/2

[Event "Dutch Open 2010"]
[Site "Dieren NED"]
[Date "2010.08.02"]
[Round "6.17"]
[White "Hendrikx, Niels"]
[Black "Klein, David"]
[Result "1-0"]
[WhiteElo "2108"]
[BlackElo "2297"]
[PlyCount "113"]
[EventDate "2010.07.27"]
[EventType "swiss"]
[EventRounds "9"]
[EventCountry "NED"]
[Source "lmi"]
[SourceDate "2010.07.27"]

1. e4 c5 2. Nc3 a6 3. g3 b5 4. Bg2 Bb7 5. d3 e6 6. Nf3 Nf6 7. O-O d6 8. Nh4 Nc6
9. f4 Nd4 10. Ne2 Be7 11. c3 Nxe2+ 12. Qxe2 Nd7 13. Nf3 Rc8 14. Bh3 Rc7 15. f5
e5 16. Bd2 Qa8 17. Rae1 Nf6 18. Bg5 c4 19. Bxf6 Bxf6 20. d4 exd4 21. cxd4 O-O
22. d5 Re8 23. Qc2 Rce7 24. g4 Qa7+ 25. Kh1 h6 26. Bg2 Qc5 27. h4 Qb4 28. g5
Qxb2 29. Qd1 Be5 30. gxh6 gxh6 31. Nh2 Bxh2 32. f6 Rxe4 33. Bxe4 Kf8 34. Qg4
Rxe4 35. Qg7+ Ke8 36. Rxe4+ Be5 37. Qg8+ Kd7 38. Qxf7+ Kc8 39. Qe6+ Kc7 40.
Qe7+ Kb6 41. Rxe5 dxe5 42. Qd6+ Ka5 43. f7 Qc3 44. Qd7 Qd4 45. Qd8+ Ka4 46.
f8=Q Bxd5+ 47. Kh2 h5 48. Qf2 Qd3 49. Qdb6 a5 50. Qbe3 Qg6 51. Rg1 Qh7 52. Qc3
Be4 53. Qfb2 Qe7 54. Rg5 Qe8 55. Qxe5 Bc6 56. Qc2+ Ka3 57. Qeb2# 1-0

[Event "Dutch Open 2010"]
[Site "Dieren NED"]
[Date "2010.08.02"]
[Round "6.18"]
[White "Stjazhkina, Olga"]
[Black "Monsma, Menno"]
[Result "1-0"]
[WhiteElo "2273"]
[BlackElo "2073"]
[PlyCount "49"]
[EventDate "2010.07.27"]
[EventType "swiss"]
[EventRounds "9"]
[EventCountry "NED"]
[Source "lmi"]
[SourceDate "2010.07.27"]

1. e4 e6 2. d4 d5 3. Nd2 dxe4 4. Nxe4 Nd7 5. Nf3 Be7 6. Bd3 Ngf6 7. Qe2 c5 8.
c3 cxd4 9. Nxd4 a6 10. O-O Qc7 11. Re1 Nxe4 12. Bxe4 Nf6 13. Bc2 h6 14. Qf3 g5
15. b3 g4 16. Qg3 Qxg3 17. hxg3 Bd7 18. Bb2 h5 19. c4 Kf8 20. Rad1 Be8 21. Nf5
exf5 22. Rxe7 Kxe7 23. Ba3+ Ke6 24. Rd6+ Ke5 25. c5 1-0